Die 10 wertvollsten Marken der Welt 2020 - Statistiken

Allgemein
  • Dieses Quiz wurde 623 mal gespielt
  • Das Durchschnittsergebnis liegt bei 5 aus 10
Antwortstatistiken
Rangliste Umsatz in USD ca. Marke % Korrekt
3. 141 Milliarden Apple
91%
1. 221 Milliarden Amazon
78%
4. 117 Milliarden Microsoft
76%
2. 160 Milliarden Google
67%
5. 94 Milliarden Samsung
64%
7. 80 Milliarden Facebook
57%
10. 65 Milliarden Huawei
23%
8. 78 Milliarden Walmart
14%
6. 81 Milliarden Industrial and Commercial Bank of China
0%
9. 69 Milliarden Ping An Insurance
0%
Keine übereinstimmenden Quizze gefunden
Verteilung der Resultate
Anzahl Personen mit jedem Resultat
Perzentil nach korrekt beantworteten Fragen
Ihre Resultats-Entwicklung
Sie haben dieses Quiz noch nicht gespielt